LEADER 01239nam a22003131i 4500 001 991003875489707536 005 20250429122310.0 008 031111s1989 it er 001|0 ita 020 $a8806114743 035 $ab12486917-39ule_inst 035 $aARCHE-052018$9ExL 040 $aBibl. Dip.le Aggr. Studi Umanistici - Sez. Lingue$bita$cA.t.i. Arché s.c.r.l. Pandora Sicilia s.r.l.$dSocioculturale Scs 041 1 $aita$hfre 082 04$a843.5$223 100 1 $aLaclos, Pierre Ambroise François Choderlos :$cde$0395973 240 14$aLes liaisons dangereuses 245 13$aLe amicizie pericolose /$cPierre Ambroise Choderlos de Laclos ; introduzione di Alberto Beretta Anguissola ; traduzione di Adolfo Ruata 260 $aTorino :$bEinaudi,$c1989 300 $aXXV, 347 p. ;$c19 cm 490 1 $aGli struzzi ;$v350 700 1 $aBeretta Anguissola, Alberto 700 1 $aRuata, Adolfo 830 4$aGli struzzi ;$v350 907 $a.b12486917$b02-04-14$c13-11-03 912 $a991003875489707536 945 $aLE012 848.5 CHO 3$g1$i2012000140677$lle012$o-$pE0.00$q-$rl$s-$t0$u0$v0$w0$x0$y.i12920460$z13-11-03 996 $aLiaisons dangereuses$921953 997 $aUNISALENTO 998 $ale012$b13-11-03$cm$da$e-$fita$git$h3$i1